000 00398nam a22001577a 4500
999 _c822
_d822
008 191223b ||||| |||| 00| 0 eng d
041 0 _aeng
082 0 0 _a621.31042
_bB611
100 _92809
_aBimbhra, P. S.
245 1 0 _aElectrical machinery
_cby P. S. Bimbhra.
250 _a7th
260 _aKhanna Publisher
_bNew Delhi
_c2008
300 _axyz
650 0 _aElectrical Engineering
942 _cBK